Emma Maleras : les castanyoles : la grandesa d'un instrument petit / Andreu Carandell les castanyoles :
ISBN:
84-7794-886-0
Descripción Física:
147 p. : il. ; 28 cm
Colección:
Premis d'honor ; 4
Otros Autores:
Carandell, Andreu
MARC
| LEADER | 00000nam a2200000Ia 4500 | ||
|---|---|---|---|
| 001 | 14667 | ||
| 008 | 160829s2002 xx 000 0 cat d | ||
| 020 | |a 84-7794-886-0 | ||
| 080 | |a B-2-18 | ||
| 100 | |a Maleras, Emma |9 22403 | ||
| 245 | |a Emma Maleras : |b les castanyoles : |b la grandesa d'un instrument petit / Andreu Carandell | ||
| 260 | |a [Barcelona] : |b Diputació de Barcelona, Xarxa de Municipis, Institut del Teatre, |c 2002 | ||
| 300 | |a 147 p. : |b il. ; |c 28 cm | ||
| 490 | |a Premis d'honor ; 4 | ||
| 590 | |a Text en català, versió en castellà al final de la publicació | ||
| 650 | |a Maleras, Emma |x Intervius |9 22404 | ||
| 650 | |a Castanyoles |9 22405 | ||
| 700 | |a Carandell, Andreu |9 22406 | ||
| 710 | 1 | |a Institut del Teatre (Barcelona, Catalunya) |9 52662 | |
| 901 | |a Arxiu | ||
| 942 | |n 1 | ||
| 952 | |0 0 |1 0 |4 0 |6 B218 |7 1 |9 42201 |a Arxiu |b Arxiu |d 2016-12-01 |l 0 |o B-2-18 |p 14667 |r 2016-12-01 00:00:00 |w 2016-12-01 |y ARXIU | ||
| 999 | |c 44648 |d 44648 | ||